[Event "EU-ch Amateur Online 1400/1700"]
[Site "Tornelo INT"]
[Date "2021.04.17"]
[Round "8"]
[White "Kouvaras, Andreas"]
[Black "Attinger, Roman Rae"]
[Result "0-1"]
[WhiteElo "1484"]
[BlackElo "1655"]
[PlyCount "102"]
[EventDate "2021.04.17"]
[EventType "swiss (rapid)"]
[EventRounds "8"]
[EventCountry "NET"]
[SourceTitle "EXT 2023"]
[Source "ChessBase"]
[SourceDate "2022.10.05"]
[SourceVersion "1"]
[SourceVersionDate "2022.10.05"]
[SourceQuality "1"]

1. b3 e5 2. e3 d5 3. Bb2 Nf6 4. Ne2 Bd6 5. d3 c5 6. Nd2 Nc6 7. a3 0-0 8. h3 b5 9. c4 bxc4 10. bxc4 d4 11. e4 Rb8 12. Rb1 Bd7 13. g4 Bc7 14. Bg2 Ba5 15. 0-0 Qc8 16. Ng3 g6 17. f4 exf4 18. Rxf4 Qc7 19. Rxf6 Qxg3 20. Rf3 Qc7 21. Nb3 Bb6 22. Bc1 Ne5 23. Rf1 Ba4 24. Bf4 Qe7 25. Qd2 Bc7 26. Na1 Rxb1 27. Rxb1 Bc6 28. Nc2 Rb8 29. Rxb8+ Bxb8 30. Ne1 Bd6 31. Nf3 Nxf3+ 32. Bxf3 Bxf4 33. Qxf4 g5 34. Qb8+ Kg7 35. Kg2 f6 36. Qc8 Qd7 37. Qb8 h6 38. Kf2 Qb7 39. Qd6 Qb2+ 40. Kg3 Qb6 41. Qe7+ Kg6 42. Qf8 Qc7+ 43. Kg2 Bb7 44. Qe8+ Qf7 45. Qb5 Qe7 46. a4 a6 47. Qb6 Kf7 48. a5 Ke8 49. Kf2 Kf7 50. Qa7 Qc7 51. Bd1 Ke6 0-1

[Event "Piraeus-ch 46th"]
[Site "PIraeus"]
[Date "2011.11.19"]
[Round "3.1"]
[White "Stellaki, Alexandra"]
[Black "Kouvaras, Andreas"]
[Result "1/2-1/2"]
[WhiteElo "1000"]
[BlackElo "1361"]
[PlyCount "35"]
[EventDate "2011.11.12"]
[EventType "swiss"]
[EventRounds "7"]
[EventCountry "GRE"]
[SourceTitle "EXT 2024"]
[Source "ChessBase"]
[SourceDate "2023.10.10"]
[SourceVersion "1"]
[SourceVersionDate "2023.10.10"]
[SourceQuality "1"]

1. e4 c5 2. Nf3 d6 3. Nc3 a6 4. d4 Nd7 5. dxc5 Nxc5 6. Bc4 b5 7. Be2 Bb7 8. Nd2 e6 9. 0-0 g6 10. b3 Bg7 11. Bb2 b4 12. Na4 Bxb2 13. Nxb2 Nxe4 14. Nxe4 Bxe4 15. Qd4 Nf6 16. Qxb4 0-0 17. Bd3 Bxd3 18. Nxd3 1/2-1/2

[Event "Piraeus-ch 46th"]
[Site "PIraeus"]
[Date "2011.11.16"]
[Round "2.1"]
[White "Kouvaras, Andreas"]
[Black "Aggelopoulos, Fotios"]
[Result "0-1"]
[WhiteElo "1361"]
[BlackElo "1687"]
[PlyCount "70"]
[EventDate "2011.11.12"]
[EventType "swiss"]
[EventRounds "7"]
[EventCountry "GRE"]
[SourceTitle "EXT 2024"]
[Source "ChessBase"]
[SourceDate "2023.10.10"]
[SourceVersion "1"]
[SourceVersionDate "2023.10.10"]
[SourceQuality "1"]

1. e4 e5 2. Nf3 Nc6 3. d4 exd4 4. Bc4 Bc5 5. Bd5 Nge7 6. Nbd2 Nxd5 7. exd5 Qe7+ 8. Qe2 Qxe2+ 9. Kxe2 Nb4 10. Kd1 0-0 11. Nb3 Bb6 12. Nbxd4 Nxd5 13. c4 Nf6 14. Be3 d6 15. Re1 Bg4 16. h3 Bxd4 17. hxg4 Bxe3 18. Rxe3 Nxg4 19. Re2 Rfe8 20. Nd4 Rxe2 21. Kxe2 Re8+ 22. Kf3 Ne5+ 23. Kg3 a6 24. Re1 Kf8 25. b3 Nc6 26. Rxe8+ Kxe8 27. Nxc6 bxc6 28. Kf4 Ke7 29. Ke4 Ke6 30. f4 g6 31. g3 c5 32. g4 c6 33. f5+ gxf5+ 34. gxf5+ Kf6 35. a3 a5 0-1

[Event "LSS RN-2010-0-00255"]
[Site "LSS email"]
[Date "2010.01.22"]
[Round "?"]
[White "Kouvaras, Andreas"]
[Black "Venturas, Bob"]
[Result "0-1"]
[WhiteElo "706"]
[BlackElo "616"]
[PlyCount "22"]
[EventDate "2010.01.06"]
[EventType "tourn (corr)"]
[EventRounds "6"]
[EventCountry "GER"]
[SourceTitle "Corr 2015"]
[Source "ChessBase"]
[SourceDate "2015.07.17"]
[SourceVersion "1"]
[SourceVersionDate "2015.07.17"]
[SourceQuality "1"]

1. Nf3 d5 2. d4 Nc6 3. Nc3 h6 4. Bf4 a6 5. e3 Nf6 6. Bd3 Bg4 7. h3 Bh5 8. 0-0 Qd7 9. Be5 e6 10. e4 Bxf3 11. Bxf6 Bxd1 0-1

[Event "LSS ZN-2009-0-00880"]
[Site "LSS email"]
[Date "2010.01.22"]
[Round "?"]
[White "Kouvaras, Andreas"]
[Black "Zimmermann, Jan Erik"]
[Result "0-1"]
[WhiteElo "706"]
[BlackElo "959"]
[PlyCount "26"]
[EventDate "2010.01.18"]
[EventType "match (corr)"]
[EventRounds "2"]
[EventCountry "GER"]
[SourceTitle "Corr 2015"]
[Source "ChessBase"]
[SourceDate "2015.07.17"]
[SourceVersion "1"]
[SourceVersionDate "2015.07.17"]
[SourceQuality "1"]

1. c4 c5 2. Nc3 b6 3. Nf3 e6 4. e4 Bb7 5. Bd3 d6 6. 0-0 Nd7 7. Be2 Ngf6 8. d3 g6 9. Be3 Bg7 10. h3 0-0 11. a3 d5 12. e5 Ne8 13. Bg5 f6 0-1

[Event "LSS SN-2009-0-00212"]
[Site "LSS email"]
[Date "2010.01.10"]
[Round "?"]
[White "Bester, Kazimierz"]
[Black "Kouvaras, Andreas"]
[Result "0-1"]
[WhiteElo "657"]
[BlackElo "800"]
[PlyCount "76"]
[EventDate "2009.12.16"]
[EventType "tourn (corr)"]
[EventRounds "6"]
[EventCountry "GER"]
[SourceTitle "Telechess CBM 137"]
[Source "ChessBase"]
[SourceDate "2010.07.15"]
[SourceVersion "1"]
[SourceVersionDate "2010.07.15"]
[SourceQuality "1"]

1. c4 e6 2. Nf3 d5 3. d4 Nf6 4. Bg5 h6 5. Bh4 c5 6. e3 Qa5+ 7. Nc3 Ne4 8. Qc2 cxd4 9. Nxd4 Bb4 10. Rc1 g5 11. Nb3 Qxa2 12. Ra1 Bxc3+ 13. Qxc3 Nxc3 14. Rxa2 Nxa2 15. Bg3 Nb4 16. Be5 Rg8 17. c5 N8c6 18. Bd6 Nc2+ 19. Kd1 N2b4 20. Be2 b6 21. Kd2 Ba6 22. Bxa6 Nxa6 23. cxb6 axb6 24. Rc1 Na5 25. Nxa5 bxa5 26. Rc6 Nb4 27. Rb6 Rc8 28. Bxb4 axb4 29. Rxb4 Kf8 30. Ke2 Rc2+ 31. Kf3 Kg7 32. Rb7 Kf6 33. b4 g4+ 34. Kg3 h5 35. f4 Rg7 36. b5 Kf5 37. b6 Rh7 38. Rc7 h4# 0-1